[Event "Team men PL"]
[Site "Sochi"]
[Date "2020.11.27"]
[Round "8.17"]
[White "Ter-Saakian, Grigorii"]
[Black "Popov, Ivan"]
[Result "1/2-1/2"]
[BlackElo "2636"]
[WhiteElo "2296"]
[LiveChessVersion "1.4.8"]

1.e4 {[%clk 1:30:56]} c5 {[%clk 1:30:49]} 2.Ne2 {[%clk 1:30:33]}
Nc6 {[%clk 1:30:10]} 3.g3 {[%clk 1:30:54]} g6 {[%clk 1:28:21]}
4.Bg2 {[%clk 1:31:13]} Bg7 {[%clk 1:28:39]} 5.O-O {[%clk 1:31:33]}
d6 {[%clk 1:26:58]} 6.Nbc3 {[%clk 1:31:59]} e6 {[%clk 1:25:16]}
7.d3 {[%clk 1:32:23]} Nge7 {[%clk 1:25:34]} 8.Be3 {[%clk 1:32:48]}
Nd4 {[%clk 1:25:22]} 9.Qd2 {[%clk 1:32:42]} O-O {[%clk 1:25:21]}
10.Nd1 {[%clk 1:32:46]} Nec6 {[%clk 1:18:32]} 11.c3 {[%clk 1:33:05]}
Nxe2+ {[%clk 1:18:53]} 12.Qxe2 {[%clk 1:33:33]} b5 {[%clk 1:18:26]}
13.f4 {[%clk 1:32:21]} Bb7 {[%clk 1:06:12]} 14.f5 {[%clk 1:28:37]}
Ne5 {[%clk 0:59:26]} 15.fxe6 {[%clk 1:28:39]} fxe6 {[%clk 0:59:48]}
16.Nf2 {[%clk 1:29:00]} Qe7 {[%clk 0:53:55]} 17.Ng4 {[%clk 1:29:02]}
Nf7 {[%clk 0:43:28]} 18.Qd2 {[%clk 1:28:47]} a5 {[%clk 0:27:25]}
19.Nh6+ {[%clk 1:26:08]} Nxh6 {[%clk 0:27:03]} 20.Bg5 {[%clk 1:24:36]}
Qd7 {[%clk 0:20:49]} 21.Bxh6 {[%clk 1:24:56]} b4 {[%clk 0:21:12]}
22.Bxg7 {[%clk 1:19:39]} Qxg7 {[%clk 0:20:14]} 23.d4 {[%clk 1:19:09]}
cxd4 {[%clk 0:16:02]} 24.cxd4 {[%clk 1:19:35]} e5 {[%clk 0:16:20]}
25.d5 {[%clk 1:19:30]} Ba6 {[%clk 0:15:03]} 26.Rxf8+ {[%clk 1:19:51]}
Rxf8 {[%clk 0:15:30]} 27.Qe3 {[%clk 1:19:00]} Qb7 {[%clk 0:13:44]}
28.Bf1 {[%clk 1:14:20]} Bxf1 {[%clk 0:07:13]} 29.Rxf1 {[%clk 1:14:47]}
Rxf1+ {[%clk 0:07:36]} 30.Kxf1 {[%clk 1:15:15]} Qc7 {[%clk 0:07:54]}
31.b3 {[%clk 1:15:09]} Qc2 {[%clk 0:08:09]} 32.Qe2 {[%clk 1:15:32]}
Qb1+ {[%clk 0:08:07]} 33.Kg2 {[%clk 1:15:54]} h5 {[%clk 0:08:19]}
34.h4 {[%clk 1:16:17]} Kg7 {[%clk 0:08:31]} 35.Kh2 {[%clk 1:16:33]}
Qa1 {[%clk 0:07:21]} 36.Qc2 {[%clk 1:16:41]} Qc3 {[%clk 0:07:30]}
37.Qe2 {[%clk 1:17:06]} Qa1 {[%clk 0:02:41]} 38.Kg2 {[%clk 1:17:12]}
Qd4 {[%clk 0:02:46]} 39.Qc2 {[%clk 1:17:26]} Qe3 {[%clk 0:02:40]}
40.Kh2 {[%clk 1:46:41]} Kh6 {[%clk 0:31:25]} 41.Qc8 {[%clk 1:44:04]}
Qf2+ {[%clk 0:31:21]} 1/2-1/2

[Event "Team men PL"]
[Site "Sochi"]
[Date "2020.11.27"]
[Round "8.18"]
[White "Grachev, Boris"]
[Black "Frolov, Aleksey G."]
[Result "1-0"]
[BlackElo "2025"]
[WhiteElo "2612"]
[LiveChessVersion "1.4.8"]

1.Nf3 {[%clk 1:30:40]} Nf6 {[%clk 1:30:55]} 2.c4 {[%clk 1:30:28]}
g6 {[%clk 1:31:07]} 3.Nc3 {[%clk 1:30:26]} d5 {[%clk 1:24:13]}
4.cxd5 {[%clk 1:30:00]} Nxd5 {[%clk 1:24:38]} 5.e4 {[%clk 1:30:12]}
Nxc3 {[%clk 1:24:51]} 6.bxc3 {[%clk 1:30:36]} Bg7 {[%clk 1:24:50]}
7.d4 {[%clk 1:30:59]} c5 {[%clk 1:25:07]} 8.Bb5+ {[%clk 1:30:57]}
Bd7 {[%clk 1:22:54]} 9.Rb1 {[%clk 1:15:56]} O-O {[%clk 1:18:38]}
10.O-O {[%clk 1:01:31]} Bg4 {[%clk 1:12:22]} 11.Be3 {[%clk 1:01:29]}
Nc6 {[%clk 1:03:39]} 12.d5 {[%clk 0:50:50]} Ne5 {[%clk 1:03:28]}
13.Be2 {[%clk 0:51:17]} b6 {[%clk 0:56:40]} 14.Nxe5 {[%clk 0:47:14]}
Bxe2 {[%clk 0:56:56]} 15.Qxe2 {[%clk 0:47:41]} Bxe5 {[%clk 0:57:21]}
16.c4 {[%clk 0:47:48]} e6 {[%clk 0:53:20]} 17.f4 {[%clk 0:42:58]}
Bg7 {[%clk 0:53:11]} 18.Rbd1 {[%clk 0:39:08]} Qe8 {[%clk 0:47:11]}
19.d6 {[%clk 0:35:19]} Rd8 {[%clk 0:41:37]} 20.e5 {[%clk 0:34:42]}
f6 {[%clk 0:38:45]} 21.Bf2 {[%clk 0:33:13]} fxe5 {[%clk 0:29:38]}
22.Bh4 {[%clk 0:28:36]} Rd7 {[%clk 0:24:23]} 23.fxe5 {[%clk 0:27:58]}
Rxf1+ {[%clk 0:23:40]} 24.Rxf1 {[%clk 0:28:19]} Rf7 {[%clk 0:22:20]}
25.Rxf7 {[%clk 0:26:25]} Qxf7 {[%clk 0:22:17]} 26.Qf3 {[%clk 0:25:32]}
Qd7 {[%clk 0:22:23]} 27.Qa8+ {[%clk 0:20:43]} Kf7 {[%clk 0:22:47]}
28.Bg3 {[%clk 0:20:41]} Bf8 {[%clk 0:20:23]} 29.h4 {[%clk 0:19:06]}
Bh6 {[%clk 0:19:16]} 30.Kh2 {[%clk 0:18:52]} Bg7 {[%clk 0:19:10]}
31.Bf4 {[%clk 0:18:03]} Bf8 {[%clk 0:16:30]} 32.h5 {[%clk 0:16:06]}
gxh5 {[%clk 0:13:12]} 33.Qf3 {[%clk 0:16:23]} Kg8 {[%clk 0:10:49]}
34.Qxh5 {[%clk 0:16:41]} Qf7 {[%clk 0:10:30]} 35.Qg5+ {[%clk 0:13:13]}
Bg7 {[%clk 0:08:45]} 36.Bg3 {[%clk 0:08:36]} Kf8 {[%clk 0:06:31]}
37.Bh4 {[%clk 0:07:50]} h6 {[%clk 0:02:27]} 38.Qd8+ {[%clk 0:05:19]}
Qe8 {[%clk 0:02:53]} 39.d7 {[%clk 0:05:39]} Bxe5+ {[%clk 0:02:55]}
40.Kh3 {[%clk 0:35:40]} Qxd8 {[%clk 0:31:41]} 41.Bxd8 {[%clk 0:35:54]}
 1-0

[Event "Team men PL"]
[Site "Sochi"]
[Date "2020.11.27"]
[Round "8.19"]
[White "Goryachkina, Aleksandra"]
[Black "Triapishko, Alexandr"]
[Result "1/2-1/2"]
[BlackElo "2506"]
[WhiteElo "2592"]
[LiveChessVersion "1.4.8"]

1.Nf3 {[%clk 1:30:47]} Nf6 {[%clk 1:30:17]} 2.c4 {[%clk 1:31:03]}
e6 {[%clk 1:30:24]} 3.Nc3 {[%clk 1:30:53]} d5 {[%clk 1:30:27]}
4.d4 {[%clk 1:31:08]} Bb4 {[%clk 1:30:46]} 5.Bg5 {[%clk 1:31:05]}
h6 {[%clk 1:30:48]} 6.Bxf6 {[%clk 1:31:10]} Qxf6 {[%clk 1:31:09]}
7.Qb3 {[%clk 1:30:16]} c5 {[%clk 1:22:21]} 8.cxd5 {[%clk 1:29:57]}
exd5 {[%clk 1:21:59]} 9.e3 {[%clk 1:29:55]} O-O {[%clk 1:16:24]}
10.dxc5 {[%clk 1:28:21]} Bxc3+ {[%clk 1:14:39]} 11.Qxc3 {[%clk 1:28:40]}
Qxc3+ {[%clk 1:14:49]} 12.bxc3 {[%clk 1:29:08]} Nd7 {[%clk 1:14:40]}
13.Rd1 {[%clk 1:27:55]} Nxc5 {[%clk 1:13:59]} 14.Rxd5 {[%clk 1:27:19]}
b6 {[%clk 1:10:24]} 15.c4 {[%clk 1:25:17]} Be6 {[%clk 0:56:55]}
16.Rd2 {[%clk 1:05:04]} Rac8 {[%clk 0:29:17]} 17.Nd4 {[%clk 0:56:01]}
Ne4 {[%clk 0:27:59]} 18.Rc2 {[%clk 0:52:02]} Nd6 {[%clk 0:24:37]}
19.Bd3 {[%clk 0:45:12]} Bxc4 {[%clk 0:18:22]} 20.Bxc4 {[%clk 0:45:22]}
Nxc4 {[%clk 0:16:52]} 21.Ke2 {[%clk 0:45:12]} Na3 {[%clk 0:13:23]}
22.Rxc8 {[%clk 0:44:36]} Rxc8 {[%clk 0:13:49]} 23.Rd1 {[%clk 0:44:45]}
g6 {[%clk 0:11:09]} 24.Rd3 {[%clk 0:29:34]} Nb1 {[%clk 0:05:12]}
25.Rb3 {[%clk 0:27:00]} Nc3+ {[%clk 0:04:34]} 26.Kd3 {[%clk 0:25:18]}
Nxa2 {[%clk 0:02:00]} 27.Kd2 {[%clk 0:21:02]} Rc7 {[%clk 0:00:48]}
28.Nb5 {[%clk 0:18:24]} Rd7+ {[%clk 0:00:57]} 29.Nd4 {[%clk 0:18:47]}
Rc7 {[%clk 0:01:10]} 30.Nb5 {[%clk 0:17:57]} Rd7+ {[%clk 0:01:07]}
31.Nd4 {[%clk 0:18:25]} Rc7 {[%clk 0:01:32]} 32.Nb5 1/2-1/2

[Event "Team men PL"]
[Site "Sochi"]
[Date "2020.11.27"]
[Round "8.20"]
[White "Kardashevskiy, Evgeny"]
[Black "Kobalia, Mikhail"]
[Result "0-1"]
[BlackElo "2590"]
[WhiteElo "2436"]
[LiveChessVersion "1.4.8"]

1.d4 {[%clk 1:30:55]} Nf6 {[%clk 1:30:54]} 2.c4 {[%clk 1:31:08]}
g6 {[%clk 1:31:17]} 3.Nf3 {[%clk 1:31:10]} Bg7 {[%clk 1:31:43]}
4.Nc3 {[%clk 1:30:46]} O-O {[%clk 1:32:02]} 5.e4 {[%clk 1:30:59]}
d6 {[%clk 1:32:24]} 6.h3 {[%clk 1:30:48]} e5 {[%clk 1:32:25]}
7.d5 {[%clk 1:31:07]} a5 {[%clk 1:32:07]} 8.g4 {[%clk 1:30:56]}
Na6 {[%clk 1:32:22]} 9.Be3 {[%clk 1:30:28]} Nc5 {[%clk 1:32:38]}
10.Nd2 {[%clk 1:29:24]} c6 {[%clk 1:30:07]} 11.Be2 {[%clk 1:26:03]}
a4 {[%clk 1:29:02]} 12.a3 {[%clk 1:22:35]} Bd7 {[%clk 1:29:00]}
13.h4 {[%clk 1:21:49]} cxd5 {[%clk 1:29:19]} 14.cxd5 {[%clk 1:21:39]}
Ne8 {[%clk 1:29:39]} 15.g5 {[%clk 1:16:17]} f6 {[%clk 1:29:43]}
16.Rg1 {[%clk 1:03:46]} Rf7 {[%clk 1:11:20]} 17.Bc4 {[%clk 0:58:18]}
Qa5 {[%clk 0:50:40]} 18.Qe2 {[%clk 0:52:49]} f5 {[%clk 0:48:17]}
19.f3 {[%clk 0:49:55]} Nc7 {[%clk 0:44:55]} 20.Rh1 {[%clk 0:45:17]}
b5 {[%clk 0:39:36]} 21.Ba2 {[%clk 0:37:55]} N7a6 {[%clk 0:39:10]}
22.h5 {[%clk 0:33:37]} b4 {[%clk 0:37:50]} 23.hxg6 {[%clk 0:33:14]}
hxg6 {[%clk 0:38:13]} 24.axb4 {[%clk 0:32:22]} Nxb4 {[%clk 0:36:11]}
25.Bb1 {[%clk 0:30:53]} f4 {[%clk 0:31:32]} 26.Bg1 {[%clk 0:30:15]}
Rff8 {[%clk 0:30:47]} 27.Ra3 {[%clk 0:26:23]} Rfb8 {[%clk 0:28:12]}
28.Nc4 {[%clk 0:23:28]} Qc7 {[%clk 0:28:26]} 29.Nd2 {[%clk 0:18:41]}
Bc8 {[%clk 0:23:39]} 30.Qh2 {[%clk 0:15:03]} Nbd3+ {[%clk 0:22:18]}
31.Ke2 {[%clk 0:13:47]} Rxb2 {[%clk 0:21:04]} 32.Qh7+ {[%clk 0:13:34]}
Kf8 {[%clk 0:21:15]} 33.Bxd3 {[%clk 0:10:37]} Nxd3 {[%clk 0:21:06]}
34.Qxg6 {[%clk 0:10:51]} Nc1+ {[%clk 0:18:39]} 35.Kd1 {[%clk 0:10:15]}
Nb3 {[%clk 0:19:01]} 36.Nxb3 {[%clk 0:06:24]} Qxc3 {[%clk 0:15:02]}
37.Qxd6+ {[%clk 0:06:12]} Kf7 {[%clk 0:15:27]} 38.g6+ {[%clk 0:04:17]}
Ke8 {[%clk 0:15:49]} 39.Qc6+ {[%clk 0:03:13]} Qxc6 {[%clk 0:16:07]}
40.dxc6 {[%clk 0:33:36]} Rxb3 {[%clk 0:46:23]} 41.Rh7 {[%clk 0:16:09]}
Rxa3 {[%clk 0:39:38]} 42.Bc5 {[%clk 0:15:52]} Rc3 {[%clk 0:39:08]}
43.Bb4 {[%clk 0:15:22]} Rb3 {[%clk 0:38:02]} 44.Bc5 {[%clk 0:12:40]}
Rc3 {[%clk 0:37:22]} 45.Bb4 {[%clk 0:12:46]} Rc4 {[%clk 0:37:31]}
46.Ba3 {[%clk 0:12:27]} Ra7 {[%clk 0:37:42]} 47.Bb2 {[%clk 0:12:18]}
Rxc6 {[%clk 0:37:59]} 0-1

[Event "Team men PL"]
[Site "Sochi"]
[Date "2020.11.27"]
[Round "8.21"]
[White "Demidov, Mikhail"]
[Black "Musalov, Ruslan"]
[Result "1-0"]
[BlackElo "2348"]
[WhiteElo "2526"]
[LiveChessVersion "1.4.8"]

1.d4 {[%clk 1:30:57]} d5 {[%clk 1:30:37]} 2.c4 {[%clk 1:31:19]}
dxc4 {[%clk 1:30:48]} 3.e4 {[%clk 1:30:25]} e5 {[%clk 1:28:48]}
4.Nf3 {[%clk 1:30:24]} exd4 {[%clk 1:25:05]} 5.Bxc4 {[%clk 1:29:32]}
Nc6 {[%clk 1:25:26]} 6.O-O {[%clk 1:29:05]} Be6 {[%clk 1:06:34]}
7.Bxe6 {[%clk 1:26:13]} fxe6 {[%clk 1:06:20]} 8.Qb3 {[%clk 1:26:38]}
Qd7 {[%clk 1:00:34]} 9.Qxb7 {[%clk 1:26:42]} Rb8 {[%clk 1:01:01]}
10.Qa6 {[%clk 1:27:05]} Nf6 {[%clk 0:58:17]} 11.Nbd2 {[%clk 1:16:49]}
Be7 {[%clk 0:54:57]} 12.a3 {[%clk 1:15:03]} O-O {[%clk 0:41:58]}
13.b4 {[%clk 1:10:55]} Ng4 {[%clk 0:41:59]} 14.Bb2 {[%clk 0:56:22]}
Bf6 {[%clk 0:37:41]} 15.Rac1 {[%clk 0:45:34]} Rb6 {[%clk 0:30:24]}
16.Qa4 {[%clk 0:44:26]} Qd6 {[%clk 0:30:39]} 17.g3 {[%clk 0:37:07]}
Nce5 {[%clk 0:26:47]} 18.Nxe5 {[%clk 0:35:39]} Nxe5 {[%clk 0:22:59]}
19.Qb3 {[%clk 0:34:41]} Qd7 {[%clk 0:21:11]} 20.f4 {[%clk 0:33:27]}
Ng4 {[%clk 0:21:22]} 21.Nc4 {[%clk 0:31:18]} Rbb8 {[%clk 0:20:33]}
22.e5 {[%clk 0:29:16]} Be7 {[%clk 0:20:34]} 23.Qd1 {[%clk 0:29:29]}
Nh6 {[%clk 0:18:55]} 24.Bxd4 {[%clk 0:29:41]} a6 {[%clk 0:15:31]}
25.Na5 {[%clk 0:28:05]} Rb5 {[%clk 0:14:11]} 26.Bc5 {[%clk 0:22:44]}
Qxd1 {[%clk 0:08:01]} 27.Rfxd1 {[%clk 0:23:05]} Bxc5+ {[%clk 0:08:24]}
28.Rxc5 {[%clk 0:23:31]} Rxc5 {[%clk 0:08:42]} 29.bxc5 {[%clk 0:24:00]}
Ng4 {[%clk 0:08:50]} 30.Nc6 {[%clk 0:20:54]} g5 {[%clk 0:08:39]}
31.Rd4 {[%clk 0:17:34]} Kg7 {[%clk 0:06:43]} 32.h3 {[%clk 0:13:19]}
Ne3 {[%clk 0:06:52]} 33.Kf2 {[%clk 0:13:18]} gxf4 {[%clk 0:05:34]}
34.gxf4 {[%clk 0:10:37]} Nd5 {[%clk 0:05:34]} 35.Kf3 {[%clk 0:10:58]}
Kg6 {[%clk 0:04:14]} 36.Nb4 {[%clk 0:06:59]} Nxb4 {[%clk 0:02:57]}
37.axb4 {[%clk 0:03:42]} Rb8 {[%clk 0:02:10]} 38.Ke3 {[%clk 0:03:44]}
Rb5 {[%clk 0:02:15]} 39.Rd8 {[%clk 0:01:56]} Rxb4 {[%clk 0:01:21]}
40.Rf8 {[%clk 0:32:22]} Rb3+ {[%clk 0:30:51]} 41.Ke4 {[%clk 0:31:31]}
Rb4+ {[%clk 0:27:38]} 42.Kf3 {[%clk 0:30:07]} Rb7 {[%clk 0:27:30]}
43.Rf6+ {[%clk 0:27:45]} Kg7 {[%clk 0:27:20]} 44.Rxe6 {[%clk 0:27:55]}
Ra7 {[%clk 0:27:49]} 45.Re7+ {[%clk 0:24:16]} Kf8 {[%clk 0:27:55]}
46.Rxh7 {[%clk 0:21:10]} a5 {[%clk 0:28:15]} 47.Rd7 {[%clk 0:17:01]}
a4 {[%clk 0:28:01]} 48.Rd2 {[%clk 0:17:30]} a3 {[%clk 0:22:15]}
49.Ra2 {[%clk 0:17:50]} Ra4 {[%clk 0:19:35]} 50.Kg4 {[%clk 0:16:40]}
Ke7 {[%clk 0:19:55]} 51.Kf5 {[%clk 0:17:02]} Ra8 {[%clk 0:20:09]}
52.c6 {[%clk 0:14:00]} Rf8+ {[%clk 0:20:14]} 53.Ke4 {[%clk 0:14:25]}
Ra8 {[%clk 0:20:40]} 54.h4 {[%clk 0:13:58]} Ke6 {[%clk 0:20:57]}
55.f5+ {[%clk 0:14:01]} Ke7 {[%clk 0:19:33]} 56.Kf4 {[%clk 0:14:03]}
Ra4+ {[%clk 0:17:13]} 57.Kg5 {[%clk 0:14:26]} Ra5 {[%clk 0:17:39]}
58.Kg6 {[%clk 0:13:22]} Ra4 {[%clk 0:18:01]} 59.Kg5 {[%clk 0:11:55]}
Ra5 {[%clk 0:17:31]} 60.h5 {[%clk 0:09:25]} Rxe5 {[%clk 0:13:52]}
61.Rxa3 {[%clk 0:09:37]} Rc5 {[%clk 0:14:08]} 62.h6 {[%clk 0:09:36]}
Kf7 {[%clk 0:14:26]} 63.Ra8 {[%clk 0:09:52]} 1-0

[Event "Team men PL"]
[Site "Sochi"]
[Date "2020.11.27"]
[Round "8.22"]
[White "Truskavetsky, Alexandr"]
[Black "Murzin, Volodar"]
[Result "1/2-1/2"]
[BlackElo "2470"]
[WhiteElo "2399"]
[LiveChessVersion "1.4.8"]

1.d4 {[%clk 1:30:37]} Nf6 {[%clk 1:30:46]} 2.Nf3 {[%clk 1:30:50]}
g6 {[%clk 1:30:21]} 3.g3 {[%clk 1:31:03]} Bg7 {[%clk 1:30:36]}
4.Bg2 {[%clk 1:31:15]} O-O {[%clk 1:30:49]} 5.O-O {[%clk 1:31:35]}
d6 {[%clk 1:31:13]} 6.c4 {[%clk 1:30:56]} Nbd7 {[%clk 1:31:22]}
7.Nc3 {[%clk 1:30:49]} e5 {[%clk 1:31:14]} 8.e4 {[%clk 1:30:33]}
a6 {[%clk 1:30:59]} 9.Qc2 {[%clk 1:28:20]} exd4 {[%clk 1:29:25]}
10.Nxd4 {[%clk 1:28:44]} Ne5 {[%clk 1:29:39]} 11.b3 {[%clk 1:28:34]}
Nh5 {[%clk 1:29:50]} 12.Nde2 {[%clk 1:20:02]} b5 {[%clk 1:25:15]}
13.f4 {[%clk 1:08:45]} b4 {[%clk 1:21:56]} 14.fxe5 {[%clk 1:06:58]}
Bxe5 {[%clk 1:21:14]} 15.Bf4 {[%clk 0:46:35]} bxc3 {[%clk 1:15:12]}
16.Rad1 {[%clk 0:43:39]} Nxf4 {[%clk 1:09:36]} 17.gxf4 {[%clk 0:43:54]}
Bg7 {[%clk 1:09:59]} 18.e5 {[%clk 0:41:35]} Bg4 {[%clk 0:57:54]}
19.c5 {[%clk 0:37:56]} Qb8 {[%clk 0:52:42]} 20.h3 {[%clk 0:19:47]}
Bxe2 {[%clk 0:33:05]} 21.Qxe2 {[%clk 0:19:28]} Ra7 {[%clk 0:33:21]}
22.c6 {[%clk 0:09:15]} dxe5 {[%clk 0:30:37]} 23.f5 {[%clk 0:09:24]}
e4 {[%clk 0:25:52]} 24.Bxe4 {[%clk 0:08:24]} Ra8 {[%clk 0:18:13]}
25.Rd7 {[%clk 0:05:03]} Qb6+ {[%clk 0:15:32]} 26.Kg2 {[%clk 0:05:21]}
Rae8 {[%clk 0:15:23]} 27.fxg6 {[%clk 0:02:57]} fxg6 {[%clk 0:14:13]}
28.Bd5+ {[%clk 0:01:09]} Kh8 {[%clk 0:14:17]} 29.Rxf8+ {[%clk 0:01:13]}
Rxf8 {[%clk 0:14:40]} 30.Rxg7 {[%clk 0:00:37]} Qd4 {[%clk 0:13:48]}
31.Rd7 {[%clk 0:00:38]} Qf6 {[%clk 0:05:57]} 32.Be4 {[%clk 0:00:35]}
c2 {[%clk 0:05:39]} 33.Qxc2 {[%clk 0:00:43]} Qf1+ {[%clk 0:05:55]}
34.Kg3 {[%clk 0:01:02]} Qf4+ {[%clk 0:05:33]} 35.Kg2 {[%clk 0:01:28]}
Qf1+ {[%clk 0:05:53]} 36.Kg3 {[%clk 0:01:57]} Qf4+ {[%clk 0:06:08]}
37.Kg2 {[%clk 0:02:19]} Qf1+ {[%clk 0:05:12]} 38.Kg3 {[%clk 0:02:43]}
Qf4+ {[%clk 0:05:19]} 39.Kg2 {[%clk 0:03:08]} Qf1+ {[%clk 0:05:41]}
40.Kg3 {[%clk 0:33:33]} Qf4+ {[%clk 0:35:52]} 1/2-1/2

[Event "Team men PL"]
[Site "Sochi"]
[Date "2020.11.27"]
[Round "8.23"]
[White "Belyakov, Bogdan"]
[Black "Alexeev, Alexey"]
[Result "1-0"]
[BlackElo "2246"]
[WhiteElo "2450"]
[LiveChessVersion "1.4.8"]

1.e4 {[%clk 1:30:56]} e6 {[%clk 1:30:53]} 2.d4 {[%clk 1:31:02]}
d5 {[%clk 1:31:15]} 3.Nc3 {[%clk 1:31:24]} Bb4 {[%clk 1:31:36]}
4.e5 {[%clk 1:31:47]} c5 {[%clk 1:31:59]} 5.a3 {[%clk 1:32:11]}
Bxc3+ {[%clk 1:32:25]} 6.bxc3 {[%clk 1:32:34]} Ne7 {[%clk 1:32:50]}
7.a4 {[%clk 1:31:12]} Qa5 {[%clk 1:32:12]} 8.Bd2 {[%clk 1:31:33]}
Nbc6 {[%clk 1:32:27]} 9.Nf3 {[%clk 1:31:53]} h6 {[%clk 1:32:21]}
10.Bd3 {[%clk 1:26:36]} c4 {[%clk 1:32:05]} 11.Be2 {[%clk 1:26:58]}
Bd7 {[%clk 1:32:31]} 12.O-O {[%clk 1:26:53]} O-O-O {[%clk 1:32:45]}
13.Qc1 {[%clk 1:10:13]} Kb8 {[%clk 1:28:42]} 14.Qa3 {[%clk 1:09:08]}
Ka8 {[%clk 1:27:41]} 15.Rfb1 {[%clk 1:06:02]} Qc7 {[%clk 1:26:42]}
16.a5 {[%clk 0:58:39]} Be8 {[%clk 1:14:38]} 17.Bc1 {[%clk 0:54:06]}
Nb8 {[%clk 1:10:15]} 18.Qa2 {[%clk 0:51:45]} Nc8 {[%clk 1:08:50]}
19.Nd2 {[%clk 0:50:13]} Na6 {[%clk 1:07:27]} 20.f4 {[%clk 0:45:51]}
Bc6 {[%clk 1:06:22]} 21.Nf1 {[%clk 0:44:13]} h5 {[%clk 0:46:47]}
22.Nd2 {[%clk 0:38:11]} f6 {[%clk 0:45:50]} 23.Nf3 {[%clk 0:37:27]}
h4 {[%clk 0:44:35]} 24.Bd2 {[%clk 0:30:41]} Be8 {[%clk 0:42:28]}
25.Be1 {[%clk 0:27:23]} Bh5 {[%clk 0:42:26]} 26.Rb5 {[%clk 0:23:19]}
Qe7 {[%clk 0:40:36]} 27.Rab1 {[%clk 0:23:22]} Rd7 {[%clk 0:40:47]}
28.Nxh4 {[%clk 0:20:21]} Bxe2 {[%clk 0:18:28]} 29.Ng6 {[%clk 0:20:33]}
Qd8 {[%clk 0:18:52]} 30.Nxh8 {[%clk 0:20:12]} Qxh8 {[%clk 0:16:56]}
31.Qb2 {[%clk 0:17:38]} Ne7 {[%clk 0:17:06]} 32.Rxb7 {[%clk 0:17:17]}
Qc8 {[%clk 0:17:23]} 33.Rxd7 {[%clk 0:16:49]} Qxd7 {[%clk 0:17:39]}
34.exf6 {[%clk 0:16:21]} gxf6 {[%clk 0:18:03]} 35.Bh4 {[%clk 0:16:43]}
Ng8 {[%clk 0:13:27]} 36.Qa3 {[%clk 0:15:21]} Qd8 {[%clk 0:13:40]}
37.Qa4 {[%clk 0:13:12]} Qc8 {[%clk 0:13:54]} 38.f5 {[%clk 0:11:33]}
Bg4 {[%clk 0:12:12]} 39.Qb5 {[%clk 0:09:48]} Ne7 {[%clk 0:03:35]}
40.Bxf6 {[%clk 0:38:01]} Nc6 {[%clk 0:33:57]} 41.fxe6 {[%clk 0:36:20]}
Bxe6 {[%clk 0:31:57]} 42.Bh4 {[%clk 0:28:27]} Nab8 {[%clk 0:29:01]}
43.Bg3 {[%clk 0:28:34]} a6 {[%clk 0:28:54]} 44.Qc5 {[%clk 0:27:59]}
Nd7 {[%clk 0:29:02]} 45.Qd6 {[%clk 0:27:31]} Ndb8 {[%clk 0:22:34]}
46.h4 {[%clk 0:25:06]} 1-0

[Event "Team men PL"]
[Site "Sochi"]
[Date "2020.11.27"]
[Round "8.24"]
[White "Linker, Mikhail"]
[Black "Potapov, Pavel"]
[Result "1/2-1/2"]
[BlackElo "2482"]
[WhiteElo "2269"]
[LiveChessVersion "1.4.8"]

1.e4 {[%clk 1:30:51]} e5 {[%clk 1:30:27]} 2.Nf3 {[%clk 1:31:00]}
Nc6 {[%clk 1:30:50]} 3.Nc3 {[%clk 1:26:58]} Nf6 {[%clk 1:29:43]}
4.d4 {[%clk 1:26:36]} exd4 {[%clk 1:29:41]} 5.Nxd4 {[%clk 1:27:02]}
Bb4 {[%clk 1:29:25]} 6.Nxc6 {[%clk 1:27:14]} bxc6 {[%clk 1:29:48]}
7.Bd3 {[%clk 1:27:16]} d5 {[%clk 1:28:14]} 8.exd5 {[%clk 1:27:23]}
cxd5 {[%clk 1:28:21]} 9.O-O {[%clk 1:27:40]} O-O {[%clk 1:28:20]}
10.Bg5 {[%clk 1:27:27]} c6 {[%clk 1:25:46]} 11.Qf3 {[%clk 1:24:21]}
Be7 {[%clk 1:21:41]} 12.h3 {[%clk 1:17:30]} h6 {[%clk 1:17:18]}
13.Bh4 {[%clk 1:14:30]} Be6 {[%clk 1:12:53]} 14.Rad1 {[%clk 1:05:59]}
Rb8 {[%clk 1:08:20]} 15.b3 {[%clk 1:04:22]} Rb4 {[%clk 1:05:20]}
16.Bg3 {[%clk 1:04:31]} Bd6 {[%clk 1:00:36]} 17.Rfe1 {[%clk 0:50:35]}
Bxg3 {[%clk 0:54:11]} 18.Qxg3 {[%clk 0:48:42]} Qa5 {[%clk 0:45:36]}
19.a3 {[%clk 0:43:51]} Rbb8 {[%clk 0:41:37]} 20.b4 {[%clk 0:44:05]}
Qd8 {[%clk 0:40:17]} 21.Na4 {[%clk 0:43:40]} Nd7 {[%clk 0:32:01]}
22.Qd6 {[%clk 0:39:35]} Rc8 {[%clk 0:29:21]} 23.Rxe6 {[%clk 0:27:25]}
fxe6 {[%clk 0:29:11]} 24.Qxe6+ {[%clk 0:27:52]} Kh8 {[%clk 0:27:43]}
25.Bf5 {[%clk 0:27:57]} Qg5 {[%clk 0:25:19]} 26.Qxd7 {[%clk 0:21:17]}
Qxf5 {[%clk 0:23:05]} 27.Qxf5 {[%clk 0:21:07]} Rxf5 {[%clk 0:23:29]}
28.Nc5 {[%clk 0:19:31]} Re8 {[%clk 0:20:08]} 29.Nb3 {[%clk 0:18:13]}
Rf6 {[%clk 0:18:46]} 30.Kf1 {[%clk 0:17:14]} g5 {[%clk 0:16:48]}
31.Nd4 {[%clk 0:11:22]} Kh7 {[%clk 0:11:31]} 32.Rd3 {[%clk 0:11:25]}
a5 {[%clk 0:04:09]} 33.f3 {[%clk 0:09:47]} axb4 {[%clk 0:04:20]}
34.axb4 {[%clk 0:10:15]} Rb8 {[%clk 0:04:11]} 35.c3 {[%clk 0:09:06]}
Rc8 {[%clk 0:04:04]} 36.Nb3 {[%clk 0:07:43]} Re6 {[%clk 0:03:24]}
37.Kf2 {[%clk 0:06:17]} Ra8 {[%clk 0:03:10]} 38.Rd2 {[%clk 0:00:43]}
Ra3 {[%clk 0:02:19]} 39.Nd4 {[%clk 0:01:05]} Rf6 {[%clk 0:02:34]}
40.Rc2 {[%clk 0:30:49]} Kg6 {[%clk 0:31:43]} 41.Ke3 {[%clk 0:21:46]}
Ra1 {[%clk 0:25:51]} 42.Re2 {[%clk 0:15:44]} h5 {[%clk 0:24:10]}
43.Kd3 {[%clk 0:14:17]} h4 {[%clk 0:22:34]} 44.Nb3 {[%clk 0:11:47]}
Ra3 {[%clk 0:19:05]} 45.Nd4 {[%clk 0:11:58]} Ra1 {[%clk 0:12:17]}
46.Nb3 {[%clk 0:12:07]} Ra8 {[%clk 0:09:14]} 47.Nd4 {[%clk 0:09:54]}
Ra3 {[%clk 0:06:56]} 48.Ne6 {[%clk 0:06:47]} Kf5 {[%clk 0:05:42]}
49.Ng7+ {[%clk 0:07:12]} Kg6 {[%clk 0:05:51]} 50.Ne6 {[%clk 0:07:28]}
Kf5 {[%clk 0:05:07]} 51.Nd4+ Kg6 52.Re7 Ra2 53.Rc7 Rxg2 1/2-1/2

[Event "Team men PL"]
[Site "Sochi"]
[Date "2020.11.27"]
[Round "8.25"]
[White "Lobanov, Sergei"]
[Black "Andreikin, Dmitry"]
[Result "1/2-1/2"]
[BlackElo "2726"]
[WhiteElo "2522"]
[LiveChessVersion "1.4.8"]

1.e4 {[%clk 1:30:58]} e5 {[%clk 1:30:45]} 2.Nf3 {[%clk 1:31:21]}
Nf6 {[%clk 1:31:10]} 3.d4 {[%clk 1:31:39]} Nxe4 {[%clk 1:31:31]}
4.Bd3 {[%clk 1:31:56]} d5 {[%clk 1:31:38]} 5.Nxe5 {[%clk 1:32:16]}
Nd7 {[%clk 1:32:00]} 6.Nxd7 {[%clk 1:32:13]} Bxd7 {[%clk 1:32:24]}
7.O-O {[%clk 1:32:26]} Be7 {[%clk 1:32:46]} 8.Nd2 {[%clk 1:30:05]}
Nf6 {[%clk 1:32:33]} 9.h3 {[%clk 1:27:31]} O-O {[%clk 1:32:56]}
10.Re1 {[%clk 1:27:53]} c5 {[%clk 1:23:32]} 11.dxc5 {[%clk 1:26:57]}
Bxc5 {[%clk 1:23:51]} 12.Nb3 {[%clk 1:26:53]} Bb6 {[%clk 1:23:54]}
13.Be3 {[%clk 1:22:16]} Re8 {[%clk 1:21:43]} 14.Qf3 {[%clk 1:16:11]}
a5 {[%clk 1:06:30]} 15.Bxb6 {[%clk 0:52:00]} Qxb6 {[%clk 1:03:59]}
16.Qf4 {[%clk 0:52:02]} a4 {[%clk 0:46:36]} 17.Qd4 {[%clk 0:51:59]}
Qc7 {[%clk 0:46:42]} 18.Nd2 {[%clk 0:51:02]} a3 {[%clk 0:38:49]}
19.Rxe8+ {[%clk 0:50:40]} Rxe8 {[%clk 0:37:44]} 20.bxa3 {[%clk 0:49:52]}
Bc6 {[%clk 0:34:19]} 21.Nf3 {[%clk 0:47:00]} Qa5 {[%clk 0:32:04]}
22.Qb4 {[%clk 0:41:58]} Ra8 {[%clk 0:32:21]} 23.Ne5 {[%clk 0:26:06]}
Qxa3 {[%clk 0:31:58]} 24.Qxa3 {[%clk 0:23:46]} Rxa3 {[%clk 0:32:19]}
25.Rb1 {[%clk 0:24:12]} g6 {[%clk 0:29:43]} 26.Rb6 {[%clk 0:24:13]}
Rxa2 {[%clk 0:29:10]} 27.Nxc6 {[%clk 0:24:36]} Ra1+ {[%clk 0:28:03]}
28.Kh2 {[%clk 0:25:01]} bxc6 {[%clk 0:28:29]} 29.Rxc6 {[%clk 0:25:27]}
Kg7 {[%clk 0:28:44]} 30.Kg3 {[%clk 0:23:47]} Re1 {[%clk 0:27:27]}
31.f3 {[%clk 0:21:50]} g5 {[%clk 0:23:06]} 32.h4 {[%clk 0:21:13]}
h6 {[%clk 0:22:59]} 33.hxg5 {[%clk 0:21:17]} hxg5 {[%clk 0:23:24]}
34.Kf2 {[%clk 0:21:41]} Re5 {[%clk 0:14:28]} 35.Rd6 {[%clk 0:20:53]}
Ne8 {[%clk 0:12:58]} 36.Rc6 {[%clk 0:20:52]} Nf6 {[%clk 0:13:00]}
37.Rd6 {[%clk 0:18:28]} Ne8 {[%clk 0:13:20]} 38.Rc6 {[%clk 0:18:53]}
Nf6 {[%clk 0:13:47]} 39.Rd6 {[%clk 0:19:18]} Ne8 {[%clk 0:14:13]}
40.Rc6 {[%clk 0:49:46]} Nf6 {[%clk 0:44:39]} 1/2-1/2